Tìm hiểu ba cuộc đại hội của Đảng /
সংরক্ষণ করুন:
| প্রধান লেখক: | |
|---|---|
| বিন্যাস: | প্রবন্ধ |
| ভাষা: | Vietnamese |
| বিষয়গুলি: | |
| ট্যাগগুলো: |
ট্যাগ যুক্ত করুন
কোনো ট্যাগ নেই, প্রথমজন হিসাবে ট্যাগ করুন!
|
| Thư viện lưu trữ: | Thư viện Trường Đại học Đà Lạt |
|---|
| LEADER | 00679nam a2200253 4500 | ||
|---|---|---|---|
| 001 | DLU090075231 | ||
| 005 | ##20090610 | ||
| 040 | # | # | |a DLU |b vie |
| 041 | # | # | |a vie |
| 044 | # | # | |a vn |
| 100 | # | # | |a Thanh Đạm. |
| 245 | # | # | |a Tìm hiểu ba cuộc đại hội của Đảng / |c Thanh Đạm. |
| 653 | # | # | |a Cách mạng dân tộc dân chủ |
| 653 | # | # | |a Chủ nghĩa Mác - Lênin |
| 653 | # | # | |a Văn kiện đại hội |
| 773 | # | # | |t Tạp chí nghiên cứu lịch sử |g Số 5, 1976, tr. 20-39 |
| 994 | # | # | |a DLU |
| 900 | # | # | |a True |
| 911 | # | # | |a Nguyễn Thị Linh Chi |
| 925 | # | # | |a G |
| 926 | # | # | |a A |
| 927 | # | # | |a BB |
| 980 | # | # | |a Thư viện Trường Đại học Đà Lạt |